书目信息 |
| 题名: |
日本国家概况
|
|
| 作者: | 刘笑明 主编 | |
| 分册: | ||
| 出版信息: | 天津 南开大学出版社 2018 |
|
| 页数: | 488页 | |
| 开本: | 21cm | |
| 丛书名: | ||
| 单 册: | ||
| 中图分类: | H369.4:K931.3 , H36 | |
| 科图分类: | ||
| 主题词: | 日语--语言读物 | |
| 电子资源: | ||
| ISBN: | 978-7-310-05543-2 | |
| 000 | 00901nam0 2200277 450 | |
| 001 | 2359147911 | |
| 005 | 20231220123923.86 | |
| 010 | @a978-7-310-05543-2@dCNY 39.00 | |
| 100 | @a20180920d2018 em y0chiy0120 ea | |
| 101 | 0 | @ajpn@gchi |
| 102 | @aCN@b120000 | |
| 105 | @aa z 000yy | |
| 200 | 1 | @a日本国家概况@Ari ben guo jia gai kuang@b专著@f刘笑明主编 |
| 205 | @a4版 | |
| 210 | @a天津@c南开大学出版社@d2018 | |
| 215 | @a488页@c图,地图@d21cm | |
| 312 | @a封面英文题名:Japan survey | |
| 330 | @a本书主要由日本地理、日本社会和日本历史三部分组成。内容包括:地理、历史、社会、政治、文化、经济、科学教育、工农业、生活以及风俗习惯等方面的知识。 | |
| 510 | 1 | @aJapan survey@zeng |
| 606 | 0 | @a日语@j语言读物 |
| 607 | @a日本@x概况 | |
| 690 | @aH369.4:K931.3@v5 | |
| 690 | @aH36@v4 | |
| 701 | 0 | @a刘笑明@Aliu xiao ming@4主编 |
| 801 | 2 | @aCN@b辽宁北配@c20231205 |
| 905 | @aZUCC@dH36@e185=4 | |
| 日本国家概况/刘笑明主编.-4版.-天津:南开大学出版社,2018 |
| 488页:图,地图;21cm |
| ISBN 978-7-310-05543-2:CNY 39.00 |
| 本书主要由日本地理、日本社会和日本历史三部分组成。内容包括:地理、历史、社会、政治、文化、经济、科学教育、工农业、生活以及风俗习惯等方面的知识。 |
| ● |
| 相关链接 |
|
|
|
正题名:日本国家概况
索取号:H36/185=4
 
预约/预借
| 序号 | 登录号 | 条形码 | 馆藏地/架位号 | 状态 | 备注 |
| 1 | 2001538115 | 2001538115 | 第四书库/四21架A面1层1列/ [索取号:H36/185=4] | 在馆 | |
| 2 | 2001538116 | 2001538116 | 第四书库/四21架A面1层1列/ [索取号:H36/185=4] | 在馆 | |
| 3 | 2001538117 | 2001538117 | 506书库/ [索取号:H36/185=4] | 在馆 | |
| 4 | 2001538118 | 2001538118 | 506书库/ [索取号:H36/185=4] | 在馆 | |
| 5 | 2001538119 | 2001538119 | 506书库/ [索取号:H36/185=4] | 在馆 | |
| 6 | 2001538120 | 2001538120 | 506书库/ [索取号:H36/185=4] | 在馆 | |
| 7 | 2001538121 | 2001538121 | 506书库/ [索取号:H36/185=4] | 在馆 | |
| 8 | 2001538122 | 2001538122 | 第四书库/四23架A面3层2列/ [索取号:H36/185=4] | 在馆 | |
| 9 | 2001538123 | 2001538123 | 第四书库/四23架A面3层2列/ [索取号:H36/185=4] | 在馆 | |
| 10 | 2001538124 | 2001538124 | 第四书库/四23架A面3层2列/ [索取号:H36/185=4] | 在馆 | |
| 11 | 2001538125 | 2001538125 | 第四书库/四23架A面3层2列/ [索取号:H36/185=4] | 在馆 | |
| 12 | 2001538126 | 2001538126 | 第四书库/四23架A面3层2列/ [索取号:H36/185=4] | 在馆 | |
| 13 | 2001538127 | 2001538127 | 第四书库/四23架A面3层2列/ [索取号:H36/185=4] | 在馆 | |
| 14 | 2001538128 | 2001538128 | 506书库/ [索取号:H36/185=4] | 在馆 | |
| 15 | 2001538129 | 2001538129 | 315书库/ [索取号:H36/185=4] | 在馆 | |
| 16 | 2001538130 | 2001538130 | 315书库/ [索取号:H36/185=4] | 在馆 | |
| 17 | 2001538131 | 2001538131 | 315书库/ [索取号:H36/185=4] | 在馆 | |
| 18 | 2001538132 | 2001538132 | 315书库/ [索取号:H36/185=4] | 在馆 | |
| 19 | 2001538133 | 2001538133 | 507书库/ [索取号:H36/185=4] | 在馆 | |
| 20 | 2001538134 | 2001538134 | 507书库/ [索取号:H36/185=4] | 在馆 | |
| 21 | 2001538135 | 2001538135 | 第四书库/四21架A面1层1列/ [索取号:H36/185=4] | 在馆 | |
| 22 | 2001538136 | 2001538136 | 第四书库/四21架A面1层1列/ [索取号:H36/185=4] | 在馆 | |
| 23 | 2001538137 | 2001538137 | 507书库/ [索取号:H36/185=4] | 在馆 | |
| 24 | 2001538138 | 2001538138 | 507书库/ [索取号:H36/185=4] | 在馆 | |
| 25 | 2001538139 | 2001538139 | 507书库/ [索取号:H36/185=4] | 在馆 | |
| 26 | 2001538140 | 2001538140 | 507书库/ [索取号:H36/185=4] | 在馆 | |
| 27 | 2001538141 | 2001538141 | 第四书库/四21架A面1层1列/ [索取号:H36/185=4] | 在馆 | |
| 28 | 2001538142 | 2001538142 | 315书库/ [索取号:H36/185=4] | 在馆 | |
| 29 | 2001538143 | 2001538143 | 315书库/ [索取号:H36/185=4] | 在馆 | |
| 30 | 2001538144 | 2001538144 | 第四书库/四21架A面1层1列/ [索取号:H36/185=4] | 在馆 |